NBA MVPs teammates (1980 - 1999) - Statistics

General Stats
  • This quiz has been taken 98 times
  • The average score is 27 of 51
Answer Stats
Giannis Antetokounmpo % Correct
Scottie Pippen
99%
Dennis Rodman
96%
John Stockton
96%
Kareem Abdul-Jabbar
91%
James Worthy
88%
Kevin McHale
88%
Magic Johnson
84%
Robert Parish
84%
Avery Johnson
82%
Dennis Johnson
82%
Horace Grant
82%
Kevin Johnson
82%
Luc Longley
82%
Bill Cartwright
78%
Ron Harper
78%
Julius Erving
75%
John Paxson
72%
A.C. Green
70%
Cedric Maxwell
66%
Kenny Smith
66%
Vernon Maxwell
66%
Byron Scott
63%
Danny Ainge
62%
Jeff Hornacek
57%
Caldwell Jones
55%
Bryon Russell
54%
Robert Horry
54%
Maurice Cheeks
51%
Dan Majerle
46%
Charles Oakley
43%
Greg Ostertag
42%
Otis Thorpe
42%
Sean Elliott
42%
Jamaal Wilkes
39%
Norman Nixon
39%
Mark West
38%
Andrew Toney
32%
Gerald Henderson
25%
Darryl Dawkins
21%
Mychal Thompson
21%
Vinny Del Negro
21%
Marc Iavaroni
18%
Cedric Ceballos
17%
J.R. Reid
17%
Robert Reid
17%
Elvin Hayes
13%
Jim Chones
12%
Dave Corzine
9%
Allen Leavell
4%
Brad Sellers
4%
Bill Willoughby
3%
No matching quizzes found
Score Distribution
Percent of People with Each Score
Percentile by Number Answered
Your Score History
You have not taken this quiz